| 000 | 00624nam a2200205 i 4500 | ||
|---|---|---|---|
| 001 | 42319 | ||
| 003 | ES-MaACL | ||
| 005 | 20250930063044.0 | ||
| 007 | t| | ||
| 008 | 030313s1956 sp ||||1| spa d | ||
| 100 | 0 |
_aCastries, René, _cDuc de _936811 |
|
| 245 | 1 | 4 |
_aLas tinieblas exteriores / _cRené de Castries ; traducción de M. de Osuna. |
| 260 |
_aMadrid : _b[s.n., _c1956] ( _fGráf. C.I.O.) |
||
| 300 |
_a212 p. ; _c18 cm. |
||
| 490 | 1 |
_aEl grifón ; _v33 |
|
| 700 | 1 |
_aOsuna, M. de. _987839 |
|
| 830 | 0 |
_aEl grifón ; _v33 _9181273 |
|
| 852 |
_aES-MaACL _jC-10685 _bR.38679 |
||
| 999 |
_c42319 _d42319 |
||